Les pays dans le titre des chansons - Statistiques

Statistiques générales
  • Ce quiz a été pris 211 fois
  • Le résultat moyen est 7 sur 17
Statistiques - réponses
Chanteur Nom du titre Réponse % Correct
Michel Polnareff Lettre à .... France
82%
Line Renaud Ma cabane au .... Canada
77%
Kim Wilde Cambodia Cambodge
65%
Madonna Don't cry for me ..... Argentine
64%
Charles Aznavour Pour toi .... Arménie
60%
Lilicub Voyage en .... Italie
59%
Martin Circus Je m'éclate au .... Sénégal
55%
Patricia Kaas D'... Allemagne
50%
Alphaville Big in Japon
31%
Serge Lama Mourir en .... France
28%
Hélène Segara Les vallées d'.... Irlande
24%
Serge Lama L'.... Algérie
18%
Mike Oldfield Back to ... France
13%
Pierre Perret Comment c'est la .... Chine
12%
Claude Barzotti La maison d'.... Irlande
7%
Boby Lapointe Je suis né au .... Chili
5%
Michel Sardou Le .... n'est plus ce qu'il était Paraguay
4%
Aucun quiz correspondant
Distribution des résultats
% des personnes avec chaque résultat
Percentile par nombre de réponses
Votre historique - résultats
Vous n’avez pas pris ce quiz